Sexualitat i afectivitat / Pilar Aramburu i Elena Julià del Servei Municipal de Planificació Familiar del Prat de Llobregat
Descripción Física:
74 p. ; 23 cm
Colección:
Salut comunitària
Otros Autores:
Julià, Elena
MARC
| LEADER | 00000nam a2200000Ia 4500 | ||
|---|---|---|---|
| 001 | 10878 | ||
| 008 | 160829s9999 xx 000 0 cat d | ||
| 080 | |a C-1-581 | ||
| 100 | |a Aramburu, Pilar |9 23687 | ||
| 245 | |a Sexualitat i afectivitat / Pilar Aramburu i Elena Julià del Servei Municipal de Planificació Familiar del Prat de Llobregat | ||
| 260 | |a Barcelona : |b Diputació de Barcelona ; Rubí : |b Ajuntament, abril de 1995 | ||
| 300 | |a 74 p. ; |c 23 cm | ||
| 490 | |a Salut comunitària | ||
| 650 | 0 | |a Educació sexual per a joves |9 50018 | |
| 650 | |a Sexualitat |9 36812 | ||
| 700 | |a Julià, Elena |9 23690 | ||
| 710 | 1 | |a Barcelona (Catalunya : Província). |b Diputació |9 52408 | |
| 710 | 1 | |a Rubí (Catalunya). |b Ajuntament |9 54191 | |
| 901 | |a Arxiu | ||
| 942 | |n 1 | ||
| 952 | |0 0 |1 0 |4 0 |6 C1581 |7 1 |9 42809 |a Arxiu |b Arxiu |d 2016-12-01 |l 0 |o C-1-581 |p 10878 |r 2016-12-01 00:00:00 |w 2016-12-01 |y ARXIU | ||
| 999 | |c 45315 |d 45315 | ||